000 00747nam a2200277 a 4500
003 AR-BaBNM
005 20251128203542.0
008 082120s2002 ||||||||||||||000 | spa||
040 _cAR-BaBNM
100 1 _aAbella Caprile, Margarita
245 0 0 _aGeografías
250 _a2ª ed.
260 _aBuenos Aires
_bKapelusz
_c1960
300 _a113 p.
_bláms.
490 0 _aBiblioteca de grandes obras de la literatura universal
650 4 _aLITERATURA ARGENTINA
650 4 _aLITERATURA CONTEMPORANEA
650 4 _aESCRITORES
650 4 _aAUTOBIOGRAFIAS
653 _aLITERATURA DE VIAJES
653 _aMEMORIAS
655 _aLITERATURA
700 1 _aEstrella Gutiérrez, Fermín
_eprologuista
942 _cBK
998 _cMARTIN
999 _c3905
_d3905